| 000 | 00735cam a22002054a 4500 | ||
|---|---|---|---|
| 005 | 20250605164259.0 | ||
| 008 | 250528s ||||||||||||||||||||||||d | ||
| 035 | _a21981 | ||
| 020 | _a9789608386303 | ||
| 040 |
_aGR-AtMCL _bgre _dGR-AtMCL _eAACR2 |
||
| 245 | 1 | _aΤΟ ΕΞΑΙΡΕΤΙΚΑ ΑΠΟΤΕΛΕΣΜΑΤΙΚΟ ΣΧΕΔΙΟ ΜΑΡΚΕΤΙΝΓΚ / Μια δοκιμασμένη και πρακτική διαδικασία σχεδιασμού για εταιρείες κάθε μεγέθους | |
| 250 | _a1 | ||
| 260 |
_bΚέρκυρα, _c2005 |
||
| 300 | _a182 | ||
| 520 | _aΕΑΣΜ ΣΤΟΧΟΙ ΠΟΡΟΙ ΣΥΝΕΠΕΙΕΣ | ||
| 700 | 1 |
_aKnight Peter _97859 |
|
| 942 | _cBK | ||
| 999 |
_c7037 _d7037 |
||